Global Language Vocabulary- F - Statistics

General Stats
  • This quiz has been taken 132 times
    21 since last reset
  • The average score is 4 of 12
Answer Stats
Language Answer % Correct
Spanish Familia
100%
English Family
100%
German Familie
68%
Finnish Perhe
26%
Japanese 家族, kazoku
21%
Korean 가족, gajog
16%
Vietnamese Gia đình
16%
Lingala Libota
16%
Hawaiian Ohana
16%
Greek Οικογένεια, oikogéneia
16%
Punjabi ਪਰਿਵਾਰ, parivāra
11%
Māori Whanau
11%
No matching quizzes found
Score Distribution
Percent of People with Each Score
Percentile by Number Answered
Your Score History
You have not taken this quiz since the last reset